000 00455nam a2200133 4500
999 _c9175
_d9175
008 180413b ||||| |||| 00| 0 eng d
082 _aDPer 050 Dec 2015-Mar 2016 T48 v186-187
100 _927384
_aJohn, Tara.
245 _aEurope fractures as the migrant crisis worsens/
_cTara John.
260 _aNew York:
_bTime Inc.,
_c©Dec 2015-Mar 2016.
300 _av187 n9, page 9:
_billustrations;
_c27 cm.
650 0 _927387
_aRefugees.
942 _2ddc
_cPER